Juegos en que participamos: la psicología de las relaciones humanas

Đã lưu trong:
Chi tiết về thư mục
Tác giả chính: Berne, Eric (Tác giả)
Định dạng: Sách
Ngôn ngữ:Tiếng Tây Ban Nha
Được phát hành: Buenos Aires Del Nuevo Extremo 2007
Phiên bản:1a. ed
Những chủ đề:
Các nhãn: Thêm thẻ
Không có thẻ, Là người đầu tiên thẻ bản ghi này!

MARC

LEADER 00000nam a2200000 a 4500
001 UCI9000
003 CL-VaPUC
008 081016e20070000AG |||||||||||||||||spa|d
020 |a 9789876090445 
082 0 4 |a 158.2  |b BER  |2 21 
100 0 |a Berne, Eric  |e author  |9 532668 
245 1 0 |a Juegos en que participamos: la psicología de las relaciones humanas 
250 |a 1a. ed 
300 |a 229 p 
942 |c BK 
945 |d 20081016 00:00:00  |a jtorresc 
260 |a Buenos Aires  |b Del Nuevo Extremo  |c 2007 
650 0 |a Relaciones interpersonales  |9 307056 
650 7 |a JUEGOS PSICOLOGICOS  |2 CL-VaPUC  |9 315421 
583 |a last modification  |c 20081016 00:00:00  |k Rodrigo Vera 
999 |c 331709  |d 331707 
952 |0 0  |1 0  |4 0  |6 158_200000000000000_BER_2007  |7 0  |8 F  |9 418738  |a BIBCUR  |b BIBCUR  |d 2019-11-22  |i 4489152  |o 158.2 BER 2007  |p 4489152  |r 2025-04-22  |w 2019-11-22  |y BK_F  |k BCB